000 00972nam a22001937a 4500
008 240221t2024 xxk|||||o|||| 00| 0 eng d
041 _aeng
110 _aRoyal Institution of Chartered Surveyors
245 _aInclusive spaces
_h[Electronic resource]
260 _aLondon,
_bRoyal Institution of Chartered Surveyors,
_cFebruary 2024
490 _aRICS Rules of Conduct
520 _aGuidance to support Rule 4 of the RICS Rules of Conduct on Diversity, Equity and Inclusion. This paper focuses on how we can cultivate spaces that promote accessibility, foster a sense of belonging and empower everyone to fully participate and thrive.
650 _aDIVERSITY
650 _aINCLUSIVE SPACES
651 _aInternational
710 _aRoyal Institution of Chartered Surveyors
856 _uhttps://www.rics.org/profession-standards/rics-standards-and-guidance/conduct-competence/diversity-equity-inclusion/inclusive-spaces
_zAvailable free on RICS.org
942 _n0
999 _c121806
_d121806